<?xml version="1.0" encoding="UTF-8"?><?xml-stylesheet type="text/xsl" href="static/style.xsl"?><OAI-PMH xmlns="http://www.openarchives.org/OAI/2.0/" xmlns:xsi="http://www.w3.org/2001/XMLSchema-instance" xsi:schemaLocation="http://www.openarchives.org/OAI/2.0/ http://www.openarchives.org/OAI/2.0/OAI-PMH.xsd"><responseDate>2026-04-27T19:58:20Z</responseDate><request verb="GetRecord" identifier="oai:uvadoc.uva.es:10324/1833" metadataPrefix="marc">https://uvadoc.uva.es/oai/request</request><GetRecord><record><header><identifier>oai:uvadoc.uva.es:10324/1833</identifier><datestamp>2021-06-18T09:16:43Z</datestamp><setSpec>com_10324_38</setSpec><setSpec>col_10324_787</setSpec></header><metadata><record xmlns="http://www.loc.gov/MARC21/slim" xmlns:doc="http://www.lyncode.com/xoai" xmlns:xsi="http://www.w3.org/2001/XMLSchema-instance" xmlns:dcterms="http://purl.org/dc/terms/" xsi:schemaLocation="http://www.loc.gov/MARC21/slim http://www.loc.gov/standards/marcxml/schema/MARC21slim.xsd">
<leader>00925njm 22002777a 4500</leader>
<datafield tag="042" ind1=" " ind2=" ">
<subfield code="a">dc</subfield>
</datafield>
<datafield tag="720" ind1=" " ind2=" ">
<subfield code="a">Peralvo Guzmán, Carmen del</subfield>
<subfield code="e">author</subfield>
</datafield>
<datafield tag="260" ind1=" " ind2=" ">
<subfield code="c">2012</subfield>
</datafield>
<datafield tag="520" ind1=" " ind2=" ">
<subfield code="a">En el presente estudio se ha desarrollado una Auditoría General a la Planta de Tratamiento de Crudo Intemperizado de EP Petroecuador, la cual se encarga de procesar crudo intemperizado proveniente de diversas piscinas que han permanecido a la intemperie por varios años. El crudo es filtrado, deshidratado y centrifugado a fin de que cumpla con los parámetros establecidos para su transporte a través del sistema de oleoducto transecuatoriano para incorporarse a la producción nacional de petróleo del Ecuador.&#xd;
Se realiza una descripción del proceso de tratamiento de crudo y clarificación de agua con un inventario de los principales equipos, en los cuales se han realizado mediciones de parámetros eléctricos y operativos en general, que han permitido evaluar su desempeño en las actuales condiciones de funcionamiento y su consumo energético.&#xd;
La contabilidad energética de la Planta ha permitido establecer consumos y costos específicos por barril de crudo tratado, así como también, identificar los equipos que tienen alto consumo energético.&#xd;
A partir del diagnóstico energético de la Planta se plantean oportunidades de mejora en cada proceso, tendientes a la reducción del consumo de energía eléctrica, energía química e insumos. Se analiza la viabilidad técnica y económica de las propuestas planteadas, utilizando como criterio de segregación, el tiempo de retorno de la inversión.&#xd;
En base a los resultados obtenidos, se plantean trabajos futuros a realizarse en la Planta, para el mejoramiento del proceso y ahorro de energía.</subfield>
</datafield>
<datafield tag="024" ind2=" " ind1="8">
<subfield code="a">http://uvadoc.uva.es/handle/10324/1833</subfield>
</datafield>
<datafield ind1=" " ind2=" " tag="653">
<subfield code="a">Petróleo, Ingenería del</subfield>
</datafield>
<datafield ind1=" " ind2=" " tag="653">
<subfield code="a">Petróleo-Industria y comercio</subfield>
</datafield>
<datafield tag="245" ind1="0" ind2="0">
<subfield code="a">Auditoría energética de la planta de tratamiento y recuperación de crudo intemperizado de EP Petroecuador</subfield>
</datafield>
</record></metadata></record></GetRecord></OAI-PMH>